Adult education for social change: a study of the National Adult Education Programme in Rajasthan (Record no. 109333)

MARC details
000 -LEADER
fixed length control field 00426nam a2200145Ia 4500
005 - DATE AND TIME OF LATEST TRANSACTION
control field 20240821155333.0
008 - FIXED-LENGTH DATA ELEMENTS--GENERAL INFORMATION
fixed length control field 240821s9999||||xx |||||||||||||| ||und||
082 ## - DEWEY DECIMAL CLASSIFICATION NUMBER
Classification number 374.9544 RAO
100 ## - MAIN ENTRY--PERSONAL NAME
Personal name Rao, T.V.
245 #0 - TITLE STATEMENT
Title Adult education for social change: a study of the National Adult Education Programme in Rajasthan
260 ## - PUBLICATION, DISTRIBUTION, ETC.
Place of publication, distribution, etc. New Delhi
Name of publisher, distributor, etc. Manohar Pub.
Date of publication, distribution, etc. 1980
300 ## - PHYSICAL DESCRIPTION
Extent 192p
650 ## - SUBJECT ADDED ENTRY--TOPICAL TERM
Topical term or geographic name entry element ADULT EDUCATION
942 ## - ADDED ENTRY ELEMENTS (KOHA)
Koha item type Book
Holdings
Withdrawn status Lost status Damaged status Not for loan Home library Current library Date acquired Total checkouts Barcode Date last seen Price effective from Koha item type
        Library and Documentation Division NCERT Library and Documentation Division NCERT 08/21/2024   95673 08/21/2024 08/21/2024 Book